=LDR 00000nam 2200000 4500 =001 INLIS000000000027195 =005 20231214071803 =035 ##$$a 0010-061300000027195 =008 231214###########################0###### =041 ##$$a Ind =082 ##$$a 150 =090 ##$$a 155.2, Hal t =100 ##$$a Shaleh, Abdul Rahman =245 1#$$a Psikologi suatu pengantar dalam perspektif islam, oleh Abdul Rahman Sholeh, Muhbib Abdul Wahab =260 ##$$a 2005 :$b Jakarta =300 ##$$a xii, 280 hlm, 21 cm =650 #4$$a Psikologi =850 ##$$a NBPNMAT =084 ##$$a 150 SHA p =700 #$$a Wahab, Muhbib Abdul